LIBRARY & INFORMATION CENTRE, KCAET, TAVANUR

ONLINE PUBLIC ACCESS CATALOGUE (OPAC)

College physics / (Record no. 7524)

MARC details
000 -LEADER
fixed length control field 00490cam a2200193ua 4500
041 ## - LANGUAGE CODE
Language code of text/sound track or separate title eng
082 ## - DEWEY DECIMAL CLASSIFICATION NUMBER
Classification number 530
Item number SEA/CO
100 ## - MAIN ENTRY--AUTHOR NAME
Personal name Sears, Francis Weston .
245 ## - TITLE STATEMENT
Title College physics /
250 ## - EDITION STATEMENT
Edition statement 3 /
260 ## - PUBLICATION, DISTRIBUTION, ETC. (IMPRINT)
Place of publication London :
Name of publisher Addison-Wesley Publishing Company ,
Year of publication 1960.
300 ## - PHYSICAL DESCRIPTION
Number of Pages 1024 ; .
700 1# - ADDED ENTRY--PERSONAL NAME
Personal name Zemansky, Mark W .
942 ## - ADDED ENTRY ELEMENTS (KOHA)
Koha item type Books
Holdings
Withdrawn status Lost status Damaged status Home library Current library Date acquired Full call number Accession Number Koha item type
Withdrawn     KAUAET KAUAET 07/04/2012 530 SEA/CO 8003 Books
free website counter